| 000 | 00501nam a22001577a 4500 | ||
|---|---|---|---|
| 003 | SGT | ||
| 020 | _a9789351402008 | ||
| 082 | _a546,PIM | ||
| 100 | _aPIMPALAPURE,S | ||
| 245 | _aINORGANIC CHEMISTRY-1 | ||
| 260 |
_aNEW DELHI _bPRAGATI _c2014 |
||
| 300 | _a395 | ||
| 650 | _aINORGANIC CHEMISTRY,SYMMETRY ELEMENTS AND GROUP THEORY,APPLICATION OF SYMMETRY,METAL-LIGAND EQUILIBBIA IN SOLUTION,METAL -LIGAND BONDING,HARD AND SOFT ACID BASE THEORY | ||
| 653 | _aQUANTUM CHEMISTRY | ||
| 942 |
_2ddc _cFPS _013 |
||
| 999 |
_c9292 _d9292 |
||